000
00268nam a2200121Ia 4500
008
190216s9999||||xx |||||||||||||| ||und||
100
_a
Gopinath C G
245
0
_a
Kananam
260
_b
Poorna Pubs Kozhikode
_c
1982
300
_a
115
650
_a
Nadakam
942
_c
BK
999
_c
28235
_d
28235